| 000 | 02132cam a22003857i 4500 | ||
|---|---|---|---|
| 999 |
_c112490 _d112490 |
||
| 001 | 122026 | ||
| 003 | BJBSDDR | ||
| 005 | 20230411090112.0 | ||
| 008 | 141023r20172015nju b 001 0 eng d | ||
| 010 | _a 2014955002 | ||
| 020 | _a9780691173429 | ||
| 035 | _a18344976 | ||
| 035 | _a(OCoLC)ocn894625230 | ||
| 040 |
_aYDXCP _beng _cYDXCP _erda _dDLC |
||
| 042 | _alccopycat | ||
| 050 | 1 | 4 |
_aHM 1231 _bS788h 2017 |
| 082 | 0 | 0 | _a303.3/75 |
| 100 | 1 |
_aStanley, Jason, _93726 _d1969- |
|
| 245 | 1 | 0 |
_aHow propaganda works / _cJason Stanley. |
| 260 |
_aPrinceton, New Jersey : _aOxford : _bPrinceton University Press, _c2017. |
||
| 300 |
_axx, 353 p. ; _c22 cm |
||
| 504 | _aIncludes bibliographical references (pages 335-345) and index. | ||
| 505 | 0 | _aPropaganda in the history of political thought -- Propaganda defined -- Propaganda in liberal democracy -- Language as a mechanism of control -- Ideology -- Political ideologies -- The ideology of elites: a case study. | |
| 520 | _aOur democracy today is fraught with political campaigns, lobbyists, liberal media, and Fox News commentators, all using language to influence the way we think and reason about public issues. Even so, many of us believe that propaganda and manipulation aren't problems for us--not in the way they were for the totalitarian societies of the mid-twentieth century. In How Propaganda Works, Jason Stanley demonstrates that more attention needs to be paid. He examines how propaganda operates subtly, how it undermines democracy--particularly the ideals of democratic deliberation and equality--and how it has damaged democracies of the past. | ||
| 650 | 0 | _aPropaganda. | |
| 650 | 0 |
_aPropaganda _xHistory. |
|
| 650 | 0 | _aMass media and propaganda. | |
| 650 | 4 |
_aPropaganda política _93727 |
|
| 650 | 4 |
_aPolítica y medios de comunicación de masas _92893 |
|
| 650 | 4 |
_aPropaganda _93728 _xHistoria |
|
| 856 | 4 | 2 |
_3Publisher description _uhttp://www.loc.gov/catdir/enhancements/fy1512/2014955002-d.html |
| 856 | 4 | 1 |
_3Table of contents only _uhttp://www.loc.gov/catdir/enhancements/fy1512/2014955002-t.html |
| 942 |
_2lcc _cBK |
||
| 946 | _aJaaM | ||